Revista de geografía universal : agosto 1981 /

Պահպանված է:
Մատենագիտական մանրամասներ
Այլ հեղինակներ: Ampudia, Arturo A. (dirección) (dirección)
Ձևաչափ: Գիրք
Լեզու:իսպաներեն
Հրապարակվել է: México : 3 A Editores, 1981, c1981
Խորագրեր:
Ցուցիչներ: Ավելացրեք ցուցիչ
Չկան պիտակներ, Եղեք առաջինը, ով նշում է այս գրառումը!

MARC

LEADER 00000nam^a2200000^a^4500
001 000096585
005 20250521000000.0
009 20260310092950.454
037 |a Acervo ITESO - Biblioteca 
041 |a ESP 
082 |a 900. 5  |b REV 1981 V. 12 T. 2 
240 1 1 |a [Revista de geografía universal] 
245 1 0 |a Revista de geografía universal :  |b agosto 1981 /  |c Dir. de A.A. Ampudia. 
264 4 |a México :  |b 3 A Editores,  |c 1981, c1981 
300 |a p. 116-224 
336 |a texto  |b txt  |2 rdacontenido 
337 |a sin mediación  |b n  |2 rdamedio 
338 |a volumen  |b nc  |2 rdasoporte 
649 |a XX 
650 |a Geografía -  |x Publicaciones Periódicas Mexicanas 
650 |a Barcos -  |z China 
650 |a Agricultura -  |x Aspectos Tecnológicos 
650 |a Cultivos 
650 |a Grupos Etnicos -  |z Mali 
650 |a Rabilargos 
650 |a Aves 
700 |a Ampudia, Arturo A.  |e (dirección) 
910 |a Fondo Jesús Rodríguez 
920 |a Impresos - Libros 
930 |a Fondos Especiales 
905 |a 113 
901 |a 0500032412  |b IT2  |c ESP  |u 20250521 
902 |a https://opac.biblio.iteso.mx/vufind/Record/000096585